Loading...

Vannanum kentron pattum/

Bibliografiske detaljer
Hovedforfatter: Vishnu Namboodiri,M V
Format: Printed Book
Sprog:English
Udgivet: Kottayam: National Book Stall, 1982.
Fag:
LEADER 00671 a2200157 4500
008 150103s9999 000 0 eng
082 |a 811.22 
100 |a Vishnu Namboodiri,M V 
245 |a Vannanum kentron pattum/ 
260 |a Kottayam:  |b National Book Stall,  |c 1982. 
300 |a 167 p.; 
650 |a Folk songs 
942 |c BK 
999 |c 306861  |d 306861 
952 |0 0  |1 0  |2 ddc  |4 0  |6 M_811_220000000000000_VIS_VA  |7 0  |9 352012  |a DRA  |b DRA  |c ST1  |d 2013-02-19  |i 1881  |l 0  |o M 811.22 VIS/VA  |p DRA1881  |r 2019-01-03  |v 12.50  |w 2019-01-03  |y BK 
952 |0 0  |1 0  |2 ddc  |4 0  |6 M_811_220000000000000_VIS_VA  |7 0  |9 352013  |a DRA  |b DRA  |c ST1  |d 2013-02-19  |i 1926  |l 0  |o M 811.22 VIS/VA  |p DRA1926  |r 2019-01-03  |v 12.50  |w 2019-01-03  |y BK